01329nam a2200313 i 4500003000900000005001700009007000300026008004100029020001600070040003000086082002500116110006000141245012000201264004100321300005500362336002700417337003400444338002800478500014300506504002900649590002700678650003200705650004400737700005200781910001400833942001400847952013700861999001700998DO-SdBNP20250916115041.0ta240918s1998 cl ad 000 0 spa d a9567106320  aDO-SdBNPbspacBNPHUerda 4a370.710983bG3932221 aCentro Interuniversitario de Desarrollob CINDA 98661510aGestión de la docencia e internacionalización en universidades chilenas /cpresentación Iván Lavados Montes 1aSantiago, Chile : bCINDA, c1998.  a266 páginas, bilustraciones, graficasc23 cm. 2rdacontentatextobtxt 2rdamediaasin mediación bn 2rdacarrieravolumenbnc aA la cabeza de la portada: Centro interuniversitario de desarrollo, Fondo de Desarrollo Institucional del Ministerio de Educación-Chile  aIncluye bibliografías. aInventariado, 2024/ YL 7aUniversidadeszChile985564 4aFormación profesional zChile9866171 aLavados Montes, Iván epresentación986623 aYLockward 2ddccLBS1 00102ddc56708GRaBNPHUbBNPHUcCTd2024-09-18eDonación l0oBNPHU GR 370.710983 G393p2024-5395r2024-09-18w2024-09-18yLBS1 c57715d57715